Money Banking & Finance/ (Record no. 36331)
[ view plain ]
| 000 -LEADER | |
|---|---|
| fixed length control field | 00463nam a22001697a 4500 |
| 005 - DATE AND TIME OF LATEST TRANSACTION | |
| control field | 20240808101027.0 |
| 008 - FIXED-LENGTH DATA ELEMENTS--GENERAL INFORMATION | |
| fixed length control field | 240808b |||||||| |||| 00| 0 eng d |
| 082 ## - DEWEY DECIMAL CLASSIFICATION NUMBER | |
| Item number | HAS-M |
| Classification number | 332 |
| 100 ## - MAIN ENTRY--AUTHOR | |
| Author Name | Hassan Mubeen Alam |
| 245 ## - TITLE STATEMENT | |
| Title | Money Banking & Finance/ |
| Statement of responsibility, etc. | Hassan Mubeen Alam |
| 260 ## - PUBLICATION, DISTRIBUTION, ETC. | |
| Place of Publication | Lahore; |
| Name of publisher, distributor, etc. | West Pak Publishing Co.; |
| Date of publication, distribution, etc. | 2006. |
| 300 ## - PHYSICAL DESCRIPTION | |
| Pages | xiii, 331 p.; |
| 650 ## - SUBJECT ADDED ENTRY--TOPICAL TERM | |
| Subject / Department | Social Sciences |
| 700 ## - ADDED ENTRY--PERSONAL NAME | |
| Personal name | Akmal A Rehman |
| 300 ## - PHYSICAL DESCRIPTION | |
| -- | ill; |
| -- | 22.7 cm. |
| 952 ## - LOCATION AND ITEM INFORMATION (KOHA) | |
| -- | 0 |
| -- | 0 |
| Lost status | Damaged status | Collection code | Permanent Location | Current Location | Shelving Location | Date acquired | Full Call Number | Accession No./Barcode | Date last seen | item type | Koha item type |
|---|---|---|---|---|---|---|---|---|---|---|---|
| Economics/Commerce | Superior Information Resource Center (SIRC) Superior University - City Campus | Superior Information Resource Center (SIRC) Superior University - City Campus | Economics | 08/08/2024 | 332 HAS-M 2006 | 20497 | 08/08/2024 | BOOK | BOOK |
